Japońskie marki samochodów - Statystyki

Ogólne statystyki
  • Ten quiz został rozwiązany 41 razy
  • Średni wynik to 9 z 14
Statystyki odpowiedzi
Hint Odpowiedź % Poprawnych
N Nissan
93%
H Honda
90%
T Toyota
90%
M Mazda
85%
Mitsubishi
75%
Suzuki
70%
L Lexus
65%
S Subaru
60%
A Acura
53%
D Daihatsu
45%
I Infiniti
43%
Isuzu
43%
Datsun
28%
Mitsuoka
13%
Nie znaleziono quizów pasujących do podanych kryteriów
Rozkład punktacji
Procent ludzi z każdym wynikiem
Percentyl według liczby udzielonych odpowiedzi
Twoja historia wyników
Nie rozwiązałeś tego quizu